US Presidents with Most States Admitted Quiz Stats

Quiz Updated Jul 27, 2015

Challenge
Share
Tweet
Embed
Score 0/10 Timer 01:30
2 Plays Today
States President % Correct
WV, NVAbraham Lincoln
80.1%
NC*, RI*, VT, KY, TNGeorge Washington
80%
AR, MIAndrew Jackson
69.9%
MS, IL, AL, ME, MOJames Monroe
69.5%
LA, INJames Madison
68.3%
AK, HIDwight Eisenhower
67.5%
TX, IA, WIJames Polk
63.5%
NM, AZWilliam Taft
52.8%
ND, SD, MT, WA, ID, WYBenjamin Harrison
48.6%
MN, OR, KSJames Buchanan
42.7%

You're not logged in!

Compare scores with friends on all Sporcle quizzes.
Sign Up with Email
OR
Log In

You Might Also Like...

Show Comments

Extras

Top Quizzes Today


Score Distribution

Your Account Isn't Verified!

In order to create a playlist on Sporcle, you need to verify the email address you used during registration. Go to your Sporcle Settings to finish the process.